<?xml version="1.0" encoding="UTF-8"?>
<record
    xmlns:xsi="http://www.w3.org/2001/XMLSchema-instance"
    xsi:schemaLocation="http://www.loc.gov/MARC21/slim http://www.loc.gov/standards/marcxml/schema/MARC21slim.xsd"
    xmlns="http://www.loc.gov/MARC21/slim">

  <leader>02720cam a2200325 a 4500</leader>
  <controlfield tag="001">14923435</controlfield>
  <controlfield tag="005">20250416161427.0</controlfield>
  <controlfield tag="008">070711s2008    enka          001 0 eng  </controlfield>
  <datafield tag="010" ind1=" " ind2=" ">
    <subfield code="a">  2007028712</subfield>
  </datafield>
  <datafield tag="020" ind1=" " ind2=" ">
    <subfield code="a">9780199287369</subfield>
  </datafield>
  <datafield tag="040" ind1=" " ind2=" ">
    <subfield code="a">DLC</subfield>
    <subfield code="c">DLC</subfield>
    <subfield code="d">DLC</subfield>
  </datafield>
  <datafield tag="043" ind1=" " ind2=" ">
    <subfield code="a">e-uk-en</subfield>
  </datafield>
  <datafield tag="050" ind1="0" ind2="0">
    <subfield code="a">KD1554.A7</subfield>
    <subfield code="b">B43 2008</subfield>
  </datafield>
  <datafield tag="082" ind1="0" ind2="0">
    <subfield code="a">346.4202</subfield>
    <subfield code="b">BEA</subfield>
  </datafield>
  <datafield tag="100" ind1="1" ind2=" ">
    <subfield code="a">Beale, H. G.</subfield>
    <subfield code="9">128747</subfield>
  </datafield>
  <datafield tag="245" ind1="1" ind2="0">
    <subfield code="a">Contract :</subfield>
    <subfield code="b">cases and materials /</subfield>
    <subfield code="c">H.G. Beale, W.D. Bishop, M.P. Furmston.</subfield>
  </datafield>
  <datafield tag="250" ind1=" " ind2=" ">
    <subfield code="a">5th ed.</subfield>
  </datafield>
  <datafield tag="260" ind1=" " ind2=" ">
    <subfield code="a">Oxford ;</subfield>
    <subfield code="a">New York :</subfield>
    <subfield code="b">Oxford University Press,</subfield>
    <subfield code="c">2008.</subfield>
  </datafield>
  <datafield tag="300" ind1=" " ind2=" ">
    <subfield code="a">lix, 1269 p. :</subfield>
    <subfield code="b">ill. ;</subfield>
    <subfield code="c">25 cm.</subfield>
  </datafield>
  <datafield tag="500" ind1=" " ind2=" ">
    <subfield code="a">Includes index.</subfield>
  </datafield>
  <datafield tag="505" ind1="0" ind2=" ">
    <subfield code="a">Contracts and contract law -- Contract, tort and restitution -- The functions of contract law -- Economic analysis of contract law -- Empirical work -- Consideration -- Intention to create legal relations -- Offer and acceptance -- Uncertainty and incompleteness -- Communication mistakes -- Express terms in oral agreements -- Contents of written contracts -- Inaccurate information and misrepresentation -- Gap-filling by interpretation -- Implied terms -- Discharge by frustration -- Expectation mistakes -- Discharge by construction -- Duties of disclosure -- Some preliminary questions -- Withholding performance and termination for default -- Damages -- Literal enforcement -- Restitutionary remedies -- Why are promises binding? -- Economic analysis of contract law -- The impact of the empirical studies -- Critical approaches to contract -- Developing the relational contract notion -- Fairness and distributive justice -- Transformation thesis -- Rescission, variation, waiver and promissory estoppel -- Adjustments in longer term contracts -- Duress -- Undue pressure and undue influence -- Unconscionable bargains -- A general principle? -- Standard-form contracts -- Exclusion clauses -- Unfair terms in consumer contracts -- Regulated contracts -- Contracts contrary to public policy -- Contracts involving the commission of a crime or a tort -- Contracts in restraint of trade -- Agency -- Privity and the benefit of a contract between others -- Subsequent assignment of the benefit of a contract -- Privity and burdens -- Assignment and the burden of a contract.</subfield>
  </datafield>
  <datafield tag="650" ind1=" " ind2="0">
    <subfield code="a">Contracts</subfield>
    <subfield code="z">England.</subfield>
  </datafield>
  <datafield tag="655" ind1=" " ind2="7">
    <subfield code="a">Casebooks (Law)</subfield>
    <subfield code="2">lcgft</subfield>
    <subfield code="9">83443</subfield>
  </datafield>
  <datafield tag="700" ind1="1" ind2=" ">
    <subfield code="a">Bishop, W. D.</subfield>
    <subfield code="q">(William D.)</subfield>
    <subfield code="9">128748</subfield>
  </datafield>
  <datafield tag="700" ind1="1" ind2=" ">
    <subfield code="a">Furmston, M. P.</subfield>
    <subfield code="9">128749</subfield>
  </datafield>
  <datafield tag="856" ind1="4" ind2="1">
    <subfield code="3">Table of contents only</subfield>
    <subfield code="u">http://www.loc.gov/catdir/toc/ecip0722/2007028712.html</subfield>
  </datafield>
  <datafield tag="906" ind1=" " ind2=" ">
    <subfield code="a">7</subfield>
    <subfield code="b">cbc</subfield>
    <subfield code="c">orignew</subfield>
    <subfield code="d">1</subfield>
    <subfield code="e">ecip</subfield>
    <subfield code="f">20</subfield>
    <subfield code="g">y-gencatlg</subfield>
  </datafield>
  <datafield tag="942" ind1=" " ind2=" ">
    <subfield code="2">ddc</subfield>
    <subfield code="c">BK</subfield>
  </datafield>
  <datafield tag="999" ind1=" " ind2=" ">
    <subfield code="c">613617</subfield>
    <subfield code="d">613617</subfield>
  </datafield>
  <datafield tag="952" ind1=" " ind2=" ">
    <subfield code="0">0</subfield>
    <subfield code="1">0</subfield>
    <subfield code="2">ddc</subfield>
    <subfield code="4">0</subfield>
    <subfield code="7">0</subfield>
    <subfield code="a">NLS</subfield>
    <subfield code="b">NLS</subfield>
    <subfield code="d">2025-04-16</subfield>
    <subfield code="l">1</subfield>
    <subfield code="o">346.4202 BEA</subfield>
    <subfield code="p">NLS-1674</subfield>
    <subfield code="r">2025-09-10</subfield>
    <subfield code="s">2025-09-09</subfield>
    <subfield code="w">2025-04-16</subfield>
    <subfield code="y">BK</subfield>
  </datafield>
</record>
